000 00871nam a2200265 a 4500
001 000040468
005 20251107110523.0
008 130826s2011 mx 000 0 spa d
020 _a9789683664204
040 _aDO-SdBNP
_bspa
_cBNPHU
082 _a028.9
_bJ61L, 2011
100 1 _aJitrik, Noé,
_d1928-
_966770
245 1 0 _aLectura y cultura /
_cNoé Jitrik.
250 _a[3ª ed., 2ª reimpr.]
260 _aMéxico :
_bUNAM,
_c2011.
300 _a85p.
490 1 _aBiblioteca del editor
500 _aIncluye referencias bibliográficas y notas al pie de las páginas
500 _aIncluye datos biográficos del autor en la solapa de la cubierta
650 0 _aLibros y lectura
_91512
650 4 _aCultura
_xEnsayos, conferencias, etc.
_930480
830 0 _aBiblioteca del editor
_966771
910 _aValidado. Control de calidad EMS.
049 _aBNPD
999 _c39958
_d39958